=LDR 00000nam 2200000 4500 =001 INLIS000000000810593 =005 20260616091208 =035 ##$$a 0010-0626000030 =007 ta =008 260616################g##########0#ara## =082 ##$$a 297.125 =084 ##$$a 297.125 AL- m =100 #$$a Abu Sulaiman Hamd bin Muhammad al-Khattabi =245 1#$$a Ma'alim as-Sunan : $b Fii Syarh Sunan Abu Daud =250 ##$$a Cet. 1 =260 ##$$a Kairo :$b Syirkah al-Quds,$c 2007 =300 ##$$a 297 hlm. : $b ilustrasi ; $c 24 cm =600 #4$$a Hadis dan syarah kitab hadis